000 01309naa a22003257a 4500
001 BR7804286
003 BR-BrBNA
005 20240918174119.0
007 ta
008 230509b bl.||||| |||| 00| 0 por d
040 _aBR-BrBNA
_bpor
_cBiblioteca Nacional de Agricultura
041 _a(Pt)
072 _aF00
_b0940
_b3540
_bG514
090 _aF00 BR7804286
100 1 _aSampaio, V.R.
111 1 _a4. Congresso Brasileiro de Fruticultura
_cSalvador, BA (Brazil)
_d23 Jan 1977
245 1 _aVideira - variacoes de enxertia por garfagem [Uva; Vitis vinifera; Piracicaba; Sao Paulo; Brasil]
260 3 _aCruz das Almas, BA (Brasil):
_c1978.
500 _aCunha Sobrinho, A.P.; Matos, A.P. de (eds.) Anais do 4. Congresso Brasileiro de Fruticultura Cruz das Almas, BA (Brasil): 1978. p. 343-346 (BR7804286-AM)F00
650 _aProducao vegetal
650 _aUva
650 _aGarfagem
650 _aPorta enxerto
650 _aReproducao vegetal
650 _aPiracicaba
650 _aSao Paulo
773 0 _tAnais do 4. Congresso Brasileiro de Fruticultura
_aCunha Sobrinho, A.P.; Matos, A.P. de (eds.). Sociedade Brasileira de Fruticultura, Cruz das Almas, BA
_wF00 BR7804286
_gCruz das Almas, BA (Brasil), 1978. p. 343-346
909 _a202404
_bLucia
_c55
_dLucia Elande
942 _cAM
_2AGRIS
999 _c308988
_d308988